[Event "WCO2014"]
[Site "Tromso"]
[Date "2014.08.12"]
[Round "10.16"]
[WhiteID "7400683"]
[White "Smith Annesha"]
[BlackID "6302661"]
[Black "Topel Zehra"]
[Result "0-1"]
[LiveChessVersion "1.4.3"]
[BlackElo "2156"]
[WhiteElo "1768"]

1. d4 {[%clk 1:30:57]} Nf6 {[%clk 1:30:40]} 2. Nf3 {[%clk 1:31:18]} g6
{[%clk 1:30:54]} 3. b3 {[%clk 1:31:44]} Bg7 {[%clk 1:30:56]} 4. Bb2
{[%clk 1:32:04]} O-O {[%clk 1:29:18]} 5. Nbd2 {[%clk 1:32:15]} d6
{[%clk 1:29:20]} 6. e4 {[%clk 1:23:34]} c5 {[%clk 1:29:13]} 7. d5
{[%clk 1:18:23]} Qa5 {[%clk 1:28:58]} 8. Bd3 {[%clk 1:17:06]} e5 {[%clk 1:22:13]}
9. O-O {[%clk 1:15:55]} Nh5 {[%clk 1:21:46]} 10. g3 {[%clk 1:09:50]} Nd7
{[%clk 1:18:20]} 11. Nc4 {[%clk 1:08:21]} Qc7 {[%clk 1:18:43]} 12. a4
{[%clk 1:08:38]} Ndf6 {[%clk 1:16:06]} 13. Kg2 {[%clk 1:08:00]} Ne8
{[%clk 1:09:40]} 14. Ne3 {[%clk 1:08:08]} Rb8 {[%clk 1:02:50]} 15. Qe1
{[%clk 1:03:49]} f5 {[%clk 0:58:48]} 16. exf5 {[%clk 1:03:48]} e4
{[%clk 0:57:06]} 17. Bxg7 {[%clk 0:59:37]} exf3+ {[%clk 0:57:12]} 18. Kxf3
{[%clk 1:00:04]} Qxg7 {[%clk 0:57:15]} 19. Kg2 {[%clk 1:00:11]} gxf5
{[%clk 0:57:16]} 20. f4 {[%clk 0:59:58]} Qf6 {[%clk 0:55:23]} 21. Kf2
{[%clk 0:56:12]} Neg7 {[%clk 0:54:29]} 22. Qa5 {[%clk 0:53:07]} Bd7
{[%clk 0:51:39]} 23. Qc7 {[%clk 0:48:48]} Rbd8 {[%clk 0:48:09]} 24. Qxb7
{[%clk 0:48:17]} Qd4 {[%clk 0:47:52]} 25. Kf3 {[%clk 0:47:59]} Nf6
{[%clk 0:44:56]} 26. h3 {[%clk 0:46:09]} Ne4 {[%clk 0:41:15]} 27. Rfe1
{[%clk 0:45:52]} Nh5 {[%clk 0:38:55]} 28. Rad1 {[%clk 0:44:25]} Qc3
{[%clk 0:30:33]} 29. Re2 {[%clk 0:41:23]} Rf7 {[%clk 0:22:23]} 30. Qxa7
{[%clk 0:38:31]} Re8 {[%clk 0:20:32]} 31. Qa6 {[%clk 0:35:34]} Rfe7
{[%clk 0:19:27]} 32. Bxe4 {[%clk 0:32:52]} fxe4+ {[%clk 0:16:57]} 33. Kf2
{[%clk 0:31:58]} Bxh3 {[%clk 0:14:27]} 34. Rh1 {[%clk 0:32:13]} Bg4
{[%clk 0:14:27]} 35. Ree1 Qd2+ 0-1

[Event "WCO201402"]
[Site "Tromso"]
[Date "2014.08.12"]
[Round "10.40"]
[WhiteID "14700395"]
[White "Nasriddinzoda Marvorii"]
[BlackID "5702712"]
[Black "Bakri Alia Anin Azwa"]
[Result "1-0"]
[LiveChessVersion "1.4.3"]
[BlackElo "1964"]
[WhiteElo "2021"]

1. Nf3 {[%clk 1:30:57]} d5 {[%clk 1:30:45]} 2. d4 {[%clk 1:31:06]} Nf6
{[%clk 1:30:21]} 3. Bg5 {[%clk 1:31:06]} e6 {[%clk 1:29:50]} 4. e3
{[%clk 1:31:18]} Be7 {[%clk 1:29:27]} 5. Bd3 {[%clk 1:31:31]} Nbd7
{[%clk 1:28:37]} 6. Nbd2 {[%clk 1:31:40]} h6 {[%clk 1:23:21]} 7. Bf4
{[%clk 1:30:23]} c5 {[%clk 1:17:15]} 8. c3 {[%clk 1:30:26]} O-O {[%clk 1:12:03]}
9. O-O {[%clk 1:27:51]} a6 {[%clk 0:55:23]} 10. Rc1 {[%clk 1:26:45]} b5
{[%clk 0:53:08]} 11. Ne5 {[%clk 1:22:06]} Bb7 {[%clk 0:52:10]} 12. Ndf3
{[%clk 1:17:00]} Nb6 {[%clk 0:47:23]} 13. Bb1 {[%clk 1:10:12]} Rc8
{[%clk 0:38:07]} 14. dxc5 {[%clk 1:03:59]} Bxc5 {[%clk 0:37:24]} 15. Nd4
{[%clk 1:02:02]} Bd6 {[%clk 0:32:46]} 16. Ng4 {[%clk 0:50:30]} Nxg4
{[%clk 0:27:48]} 17. Qxg4 {[%clk 0:50:57]} Bxf4 {[%clk 0:27:04]} 18. exf4
{[%clk 0:51:26]} Qf6 {[%clk 0:26:17]} 19. a3 {[%clk 0:48:00]} Rc7
{[%clk 0:21:50]} 20. Rce1 {[%clk 0:46:51]} Bc8 {[%clk 0:15:54]} 21. Qg3
{[%clk 0:46:59]} Nc4 {[%clk 0:11:41]} 22. Re2 {[%clk 0:45:28]} Bd7
{[%clk 0:10:02]} 23. Nf3 {[%clk 0:40:09]} Rfc8 {[%clk 0:08:48]} 24. Ne5
{[%clk 0:35:59]} Nxe5 {[%clk 0:08:30]} 25. fxe5 {[%clk 0:36:26]} Qg5
{[%clk 0:05:49]} 26. Qd3 {[%clk 0:36:01]} g6 {[%clk 0:02:55]} 27. f4
{[%clk 0:35:55]} Qh4 {[%clk 0:02:08]} 28. Re3 {[%clk 0:34:09]} Rc4
{[%clk 0:01:15]} 29. Rh3 {[%clk 0:31:38]} Qg4 {[%clk 0:01:25]} 30. Qe3
{[%clk 0:29:55]} Kg7 {[%clk 0:00:55]} 31. Bd3 {[%clk 0:27:03]} Re4
{[%clk 0:00:47]} 32. Bxe4 {[%clk 0:26:14]} dxe4 {[%clk 0:01:17]} 33. f5
{[%clk 0:25:09]} Qg5 {[%clk 0:01:04]} 34. f6+ {[%clk 0:25:34]} Kg8
{[%clk 0:00:51]} 35. Qxg5 {[%clk 0:25:02]} hxg5 36. Rg3 {[%clk 0:23:46]} Bc6
{[%clk 0:01:22]} 37. Rd1 {[%clk 0:22:57]} Bd5 {[%clk 0:01:23]} 38. Rxg5
{[%clk 0:21:14]} Kf8 {[%clk 0:00:46]} 39. Rg3 {[%clk 0:21:25]} Ke8
{[%clk 0:00:36]} 40. Rh3 {[%clk 0:21:18]} Kd7 {[%clk 0:00:50]} 41. Rh7
{[%clk 0:21:24]} Rf8 {[%clk 0:01:05]} 42. Kf2 {[%clk 0:21:22]} a5
{[%clk 0:23:53]} 43. Ke3 {[%clk 0:51:46]} a4 {[%clk 0:23:30]} 44. h4
{[%clk 0:51:42]} Kc6 {[%clk 0:22:28]} 45. g4 {[%clk 0:51:06]} Kc5
{[%clk 0:19:58]} 46. h5 {[%clk 0:50:29]} gxh5 {[%clk 0:19:47]} 47. gxh5
{[%clk 0:50:58]} Rg8 {[%clk 0:14:44]} 48. Rg7 {[%clk 0:50:08]} Rh8
{[%clk 0:14:40]} 49. Rh1 {[%clk 0:49:47]} Bc6 {[%clk 0:10:32]} 50. Rxf7
{[%clk 0:47:06]} Rd8 {[%clk 0:08:57]} 51. Rg7 {[%clk 0:45:13]} Rd3+
{[%clk 0:08:45]} 52. Ke2 {[%clk 0:45:36]} Bd5 {[%clk 0:05:22]} 53. h6
{[%clk 0:40:41]} Bc4 {[%clk 0:03:33]} 54. Rc7+ {[%clk 0:40:48]} Kd5
{[%clk 0:03:16]} 55. Rxc4 {[%clk 0:41:04]} Kxc4 {[%clk 0:02:00]} 56. h7
{[%clk 0:40:38]} Kb3 {[%clk 0:01:40]} 57. h8=Q {[%clk 0:40:57]} Kxb2
{[%clk 0:01:59]} 58. f7 {[%clk 0:39:23]} Rxc3 {[%clk 0:00:39]} 59. f8=Q
{[%clk 0:39:30]} Rc2+ {[%clk 0:00:35]} 60. Ke3 {[%clk 0:39:53]} Rc3+
{[%clk 0:00:59]} 61. Kxe4 {[%clk 0:40:04]} Rc4+ {[%clk 0:01:04]} 62. Kf3
{[%clk 0:40:05]} Rc3+ {[%clk 0:01:16]} 63. Kg4 {[%clk 0:40:28]} Rc4+
{[%clk 0:01:22]} 64. Kg5 {[%clk 0:40:50]} Kb3 {[%clk 0:01:33]} 65. Qh3+
{[%clk 0:41:08]} Kb2 {[%clk 0:01:08]} 66. Qf2+ {[%clk 0:41:14]} Rc2
{[%clk 0:01:20]} 67. Qxc2+ {[%clk 0:41:41]} 1-0

[Event "WCO201402"]
[Site "Tromso"]
[Date "2014.08.12"]
[Round "10.39"]
[WhiteID "5702135"]
[White "Azman Hisham Nur Nabila"]
[BlackID "14700182"]
[Black "Antonova Nadezhda"]
[Result "1-0"]
[LiveChessVersion "1.4.3"]
[BlackElo "2004"]
[WhiteElo "1916"]

1. d4 {[%clk 1:30:57]} Nf6 {[%clk 1:30:45]} 2. Nf3 {[%clk 1:31:16]} e6
{[%clk 1:30:47]} 3. c4 {[%clk 1:30:40]} b6 {[%clk 1:30:40]} 4. g3
{[%clk 1:30:58]} Bb7 {[%clk 1:30:15]} 5. Bg2 {[%clk 1:31:18]} c6 {[%clk 1:30:12]}
6. O-O {[%clk 1:30:11]} d5 {[%clk 1:30:25]} 7. cxd5 {[%clk 1:28:14]} cxd5
{[%clk 1:30:41]} 8. Nc3 {[%clk 1:27:38]} Be7 {[%clk 1:29:31]} 9. Bf4
{[%clk 1:25:43]} Nc6 {[%clk 1:28:17]} 10. Rc1 {[%clk 1:16:50]} O-O
{[%clk 1:28:15]} 11. Ne5 {[%clk 1:15:42]} Nxe5 {[%clk 1:24:52]} 12. Bxe5
{[%clk 1:15:31]} Nd7 {[%clk 1:21:20]} 13. Bf4 {[%clk 1:14:48]} a6
{[%clk 1:20:54]} 14. e4 {[%clk 1:13:16]} dxe4 {[%clk 1:16:49]} 15. Nxe4
{[%clk 1:13:20]} Bd5 {[%clk 1:16:02]} 16. Bc7 {[%clk 1:12:54]} Qe8
{[%clk 1:08:53]} 17. Nd6 {[%clk 1:12:39]} Bxd6 {[%clk 1:09:16]} 18. Bxd6
{[%clk 1:13:02]} Bxg2 {[%clk 1:09:21]} 19. Kxg2 {[%clk 1:13:23]} Nf6
{[%clk 1:09:16]} 20. Bxf8 {[%clk 1:13:06]} Qxf8 {[%clk 1:07:58]} 21. Qf3
{[%clk 1:12:41]} Nd5 {[%clk 1:07:57]} 22. Rc4 {[%clk 1:11:17]} a5
{[%clk 1:04:44]} 23. Rfc1 {[%clk 1:09:44]} Rd8 {[%clk 1:04:23]} 24. a3
{[%clk 1:09:17]} h6 {[%clk 1:03:20]} 25. Qe4 {[%clk 1:06:59]} Qe8
{[%clk 1:01:26]} 26. Qc2 {[%clk 1:03:59]} Ne7 {[%clk 1:01:10]} 27. Rd1
{[%clk 0:58:34]} Nd5 {[%clk 0:58:37]} 28. Rc1 {[%clk 0:51:22]} Ne7
{[%clk 0:58:42]} 29. Qb3 {[%clk 0:51:09]} Nd5 {[%clk 0:57:32]} 30. Rc6
{[%clk 0:50:47]} Rb8 {[%clk 0:46:41]} 31. Qc4 {[%clk 0:39:26]} Ne7
{[%clk 0:45:33]} 32. Rc7 {[%clk 0:39:50]} Qd8 {[%clk 0:28:46]} 33. d5
{[%clk 0:34:00]} exd5 {[%clk 0:22:21]} 34. Qf4 {[%clk 0:34:01]} Ra8
{[%clk 0:14:02]} 35. Re1 {[%clk 0:33:39]} Nf5 {[%clk 0:10:56]} 36. g4
{[%clk 0:32:15]} Nd6 {[%clk 0:08:38]} 37. Ree7 {[%clk 0:32:23]} g5
{[%clk 0:00:38]} 38. Qf6 {[%clk 0:31:33]} Rc8 {[%clk 0:00:34]} 39. Rxc8
{[%clk 0:31:31]} Qxc8 {[%clk 0:00:38]} 40. Qxd6 {[%clk 0:31:51]} Qxg4+
{[%clk 0:00:42]} 41. Qg3 {[%clk 0:31:57]} Qc8 {[%clk 0:24:50]} 42. Qf3
{[%clk 1:01:31]} Qf8 {[%clk 0:25:03]} 43. Qe3 {[%clk 1:02:13]} Kg7
{[%clk 0:20:47]} 44. Re8 {[%clk 1:01:20]} 1-0

[Event "WCO201402"]
[Site "Tromso"]
[Date "2014.08.12"]
[Round "10.38"]
[WhiteID "14700204"]
[White "Ilhom Mootribai"]
[BlackID "5704685"]
[Black "Azman Hisham Nur Najiha"]
[Result "0-1"]
[LiveChessVersion "1.4.3"]
[BlackElo "1886"]
[WhiteElo "1698"]

1. e4 {[%clk 1:30:58]} c5 {[%clk 1:30:37]} 2. Nf3 {[%clk 1:31:13]} e6
{[%clk 1:30:24]} 3. d4 {[%clk 1:31:35]} cxd4 {[%clk 1:30:23]} 4. Nxd4
{[%clk 1:32:00]} a6 {[%clk 1:30:30]} 5. Bd3 {[%clk 1:31:55]} Nf6 {[%clk 1:30:26]}
6. O-O {[%clk 1:31:39]} Qc7 {[%clk 1:30:24]} 7. c4 {[%clk 1:30:34]} Nc6
{[%clk 1:29:18]} 8. Nxc6 {[%clk 1:25:32]} bxc6 {[%clk 1:28:25]} 9. Nc3
{[%clk 1:25:09]} Bc5 {[%clk 1:25:42]} 10. Qf3 {[%clk 1:09:24]} Bd4
{[%clk 0:57:52]} 11. Bf4 {[%clk 1:04:31]} Be5 {[%clk 0:43:42]} 12. Bxe5
{[%clk 1:01:55]} Qxe5 {[%clk 0:44:10]} 13. Na4 {[%clk 1:00:48]} Rb8
{[%clk 0:43:18]} 14. Rab1 {[%clk 0:57:22]} O-O {[%clk 0:37:21]} 15. Rfe1
{[%clk 0:45:50]} d6 {[%clk 0:33:21]} 16. h3 {[%clk 0:43:23]} Qa5 {[%clk 0:28:19]}
17. b3 {[%clk 0:37:53]} Nd7 {[%clk 0:24:51]} 18. Bc2 {[%clk 0:32:22]} Nc5
{[%clk 0:19:34]} 19. Nc3 {[%clk 0:28:08]} e5 {[%clk 0:19:55]} 20. Re3
{[%clk 0:25:31]} Ne6 {[%clk 0:19:33]} 21. Qd1 {[%clk 0:24:05]} Nd4
{[%clk 0:18:55]} 22. Rg3 {[%clk 0:20:05]} f5 {[%clk 0:18:18]} 23. exf5
{[%clk 0:19:51]} Nxc2 {[%clk 0:18:04]} 24. Qxc2 {[%clk 0:08:29]} Bxf5
{[%clk 0:18:26]} 25. Qe2 {[%clk 0:07:08]} Bxb1 {[%clk 0:18:19]} 26. Nxb1
{[%clk 0:07:34]} Rf4 {[%clk 0:16:25]} 27. Nc3 {[%clk 0:07:41]} Rbf8
{[%clk 0:16:28]} 28. Nd1 {[%clk 0:06:49]} e4 {[%clk 0:11:26]} 29. Rg4
{[%clk 0:02:15]} d5 {[%clk 0:09:08]} 30. Rxf4 {[%clk 0:01:26]} Rxf4
{[%clk 0:09:37]} 31. cxd5 {[%clk 0:00:43]} cxd5 {[%clk 0:10:05]} 32. Qh5
{[%clk 0:00:47]} Rf8 {[%clk 0:07:31]} 33. Kh2 {[%clk 0:00:41]} Qc7+
{[%clk 0:07:37]} 34. Kg1 {[%clk 0:00:47]} Qa5 {[%clk 0:05:28]} 35. Kh2
{[%clk 0:01:11]} Qd2 {[%clk 0:05:38]} 36. a3 {[%clk 0:01:04]} g6 {[%clk 0:03:44]}
37. Qg4 {[%clk 0:01:20]} Qf4+ {[%clk 0:01:54]} 38. Qxf4 {[%clk 0:01:24]} Rxf4
{[%clk 0:02:23]} 39. Kg3 {[%clk 0:01:32]} g5 {[%clk 0:02:34]} 40. Nc3
{[%clk 0:00:46]} d4 {[%clk 0:02:55]} 41. Ne2 {[%clk 0:00:36]} d3 {[%clk 0:03:15]}
42. Nc3 {[%clk 0:29:21]} d2 {[%clk 0:33:04]} 43. Nd1 {[%clk 0:27:28]} Rf7
{[%clk 0:33:14]} 44. f3 {[%clk 0:27:25]} exf3 {[%clk 0:33:24]} 45. gxf3
{[%clk 0:27:44]} Re7 {[%clk 0:33:51]} 0-1

[Event "WCO201402"]
[Site "Tromso"]
[Date "2014.08.12"]
[Round "10.37"]
[WhiteID "5702879"]
[White "Azhar Puteri Rifqah Fahada"]
[BlackID "14700255"]
[Black "Odinaeva Saodat"]
[Result "1-0"]
[LiveChessVersion "1.4.3"]
[BlackElo "1785"]
[WhiteElo "1860"]

1. d4 {[%clk 1:30:48]} d5 {[%clk 1:30:52]} 2. Nf3 {[%clk 1:30:36]} Nf6
{[%clk 1:31:10]} 3. Bf4 {[%clk 1:29:50]} e6 {[%clk 1:31:13]} 4. e3
{[%clk 1:29:28]} c5 {[%clk 1:30:00]} 5. c3 {[%clk 1:28:57]} Nc6 {[%clk 1:29:36]}
6. Nbd2 {[%clk 1:27:23]} Bd6 {[%clk 1:29:05]} 7. Bg5 {[%clk 1:24:59]} h6
{[%clk 1:29:09]} 8. Bh4 {[%clk 1:24:10]} Be7 {[%clk 1:28:07]} 9. Bd3
{[%clk 1:22:04]} O-O {[%clk 1:27:43]} 10. O-O {[%clk 1:21:06]} b6
{[%clk 1:27:00]} 11. Ne5 {[%clk 1:18:56]} Bb7 {[%clk 1:26:58]} 12. f4
{[%clk 1:18:25]} Rc8 {[%clk 1:13:32]} 13. h3 {[%clk 1:14:40]} cxd4
{[%clk 1:08:27]} 14. exd4 {[%clk 1:14:15]} a6 {[%clk 1:01:55]} 15. Qe2
{[%clk 1:08:30]} b5 {[%clk 1:01:14]} 16. a4 {[%clk 1:07:30]} b4 {[%clk 0:52:25]}
17. Bxa6 {[%clk 0:59:28]} Bxa6 {[%clk 0:46:11]} 18. Qxa6 {[%clk 0:59:48]} Nb8
{[%clk 0:46:24]} 19. Qd3 {[%clk 0:58:46]} bxc3 {[%clk 0:46:34]} 20. bxc3
{[%clk 0:58:38]} Qa5 {[%clk 0:46:45]} 21. Rfc1 {[%clk 0:57:26]} Rc7
{[%clk 0:45:45]} 22. Nb3 {[%clk 0:44:23]} Qa7 {[%clk 0:45:45]} 23. Bxf6
{[%clk 0:42:31]} Bxf6 {[%clk 0:42:58]} 24. Ng4 {[%clk 0:31:47]} Be7
{[%clk 0:40:37]} 25. Qg3 {[%clk 0:26:39]} Kh8 {[%clk 0:39:24]} 26. Ne5
{[%clk 0:25:20]} Nd7 {[%clk 0:38:54]} 27. Nxd7 {[%clk 0:23:24]} Rxd7
{[%clk 0:39:05]} 28. Qd3 {[%clk 0:17:24]} Rc8 {[%clk 0:37:55]} 29. a5
{[%clk 0:14:15]} Rdc7 {[%clk 0:24:24]} 30. a6 {[%clk 0:12:47]} Rc6
{[%clk 0:24:00]} 31. Ra4 {[%clk 0:09:46]} Rc4 {[%clk 0:15:18]} 32. Ra2
{[%clk 0:06:24]} R8c6 {[%clk 0:12:33]} 33. Nd2 {[%clk 0:03:50]} Rxd4
{[%clk 0:11:37]} 34. cxd4 {[%clk 0:04:16]} Rxc1+ {[%clk 0:12:01]} 35. Kh2
{[%clk 0:04:20]} Bd6 {[%clk 0:07:37]} 36. g3 {[%clk 0:03:13]} Rc7
{[%clk 0:05:13]} 37. Rb2 {[%clk 0:02:17]} Rc6 {[%clk 0:04:53]} 38. Ra2
{[%clk 0:02:16]} Rb6 {[%clk 0:03:39]} 39. Nb3 {[%clk 0:01:52]} Rc6
{[%clk 0:03:55]} 40. Na1 {[%clk 0:01:30]} Bb8 {[%clk 0:03:45]} 41. Nc2
{[%clk 0:01:25]} Rc4 {[%clk 0:03:01]} 42. Qb3 {[%clk 0:24:19]} Qc7
{[%clk 0:30:46]} 43. Na3 {[%clk 0:20:44]} Rc6 {[%clk 0:26:25]} 44. Nb5
{[%clk 0:18:55]} Qb6 {[%clk 0:19:38]} 45. a7 {[%clk 0:18:45]} Bxa7
{[%clk 0:19:48]} 46. Rxa7 {[%clk 0:19:12]} Rc8 {[%clk 0:20:12]} 47. Qd3
{[%clk 0:17:30]} Rb8 {[%clk 0:19:55]} 48. Rxf7 {[%clk 0:17:47]} Qxb5
{[%clk 0:20:05]} 49. Rf8+ {[%clk 0:18:10]} Rxf8 {[%clk 0:18:22]} 50. Qxb5
{[%clk 0:18:33]} Kh7 {[%clk 0:17:47]} 51. Qd7 {[%clk 0:18:36]} Rf6
{[%clk 0:18:15]} 52. Qe8 {[%clk 0:18:35]} Rg6 {[%clk 0:13:19]} 53. h4
{[%clk 0:17:50]} Rf6 {[%clk 0:12:32]} 54. Kh3 {[%clk 0:17:37]} Rg6
{[%clk 0:12:07]} 55. h5 {[%clk 0:17:35]} 1-0

[Event "WCO201402"]
[Site "Tromso"]
[Date "2014.08.12"]
[Round "10.13"]
[WhiteID "13600168"]
[White "Arakhamia-Grant Ketevan"]
[BlackID "929239"]
[Black "Dimitrijevic Aleksandra"]
[Result "0-1"]
[LiveChessVersion "1.4.3"]
[BlackElo "2293"]
[WhiteElo "2394"]

1. e4 {[%clk 1:30:58]} e6 {[%clk 1:30:57]} 2. d4 {[%clk 1:31:10]} d5
{[%clk 1:31:22]} 3. Nc3 {[%clk 1:30:50]} Nc6 {[%clk 1:29:33]} 4. e5
{[%clk 1:24:32]} Nge7 {[%clk 1:29:10]} 5. Nf3 {[%clk 1:21:49]} Bd7
{[%clk 1:29:31]} 6. Be2 {[%clk 1:05:04]} a6 {[%clk 1:24:57]} 7. h4
{[%clk 1:02:01]} h5 {[%clk 1:23:51]} 8. Bg5 {[%clk 1:01:17]} Qb8 {[%clk 1:20:34]}
9. Qd2 {[%clk 0:51:50]} Nf5 {[%clk 1:20:15]} 10. O-O {[%clk 0:47:11]} Qa7
{[%clk 1:19:42]} 11. Rad1 {[%clk 0:47:06]} b5 {[%clk 1:02:45]} 12. a4
{[%clk 0:35:14]} b4 {[%clk 0:51:28]} 13. Na2 {[%clk 0:33:54]} b3 {[%clk 0:48:50]}
14. cxb3 {[%clk 0:32:57]} Rb8 {[%clk 0:44:32]} 15. Qd3 {[%clk 0:29:00]} a5
{[%clk 0:37:06]} 16. Nc3 {[%clk 0:27:28]} Rxb3 {[%clk 0:37:29]} 17. Qc2
{[%clk 0:27:28]} Rb7 {[%clk 0:34:54]} 18. Nb5 {[%clk 0:26:29]} Qb6
{[%clk 0:35:19]} 19. Rc1 {[%clk 0:23:21]} Nfxd4 {[%clk 0:29:15]} 20. Nfxd4
{[%clk 0:22:26]} Nxd4 {[%clk 0:29:40]} 21. Nxd4 {[%clk 0:20:28]} Qxd4
{[%clk 0:30:06]} 22. Ba6 {[%clk 0:20:30]} Rxb2 {[%clk 0:28:27]} 23. Qxc7
{[%clk 0:19:44]} f6 {[%clk 0:28:02]} 24. Bc8 {[%clk 0:05:28]} Bxc8
{[%clk 0:24:41]} 25. Qxc8+ {[%clk 0:05:47]} Kf7 {[%clk 0:25:09]} 26. Rc7+
{[%clk 0:02:23]} Kg6 {[%clk 0:25:32]} 27. exf6 {[%clk 0:02:29]} gxf6
{[%clk 0:25:54]} 28. Qe8+ {[%clk 0:01:18]} Kf5 {[%clk 0:26:16]} 29. Bxf6
{[%clk 0:01:25]} Qxf6 {[%clk 0:22:03]} 30. Rf7 {[%clk 0:01:52]} Bg7
{[%clk 0:22:23]} 31. Rxf6+ {[%clk 0:01:41]} Bxf6 {[%clk 0:22:47]} 32. Qf7
{[%clk 0:01:26]} Re2 {[%clk 0:23:12]} 33. f3 {[%clk 0:01:07]} Rh6
{[%clk 0:22:28]} 34. g4+ {[%clk 0:01:08]} Kf4 {[%clk 0:22:52]} 35. Qc7+
{[%clk 0:00:43]} Be5 {[%clk 0:23:13]} 36. Qf7+ {[%clk 0:00:37]} Kg3
{[%clk 0:23:36]} 37. Rd1 {[%clk 0:00:50]} Bd4+ {[%clk 0:22:10]} 38. Kf1
{[%clk 0:00:35]} Rf2+ {[%clk 0:22:35]} 39. Ke1 {[%clk 0:00:45]} Bc3+
{[%clk 0:22:59]} 40. Rd2 {[%clk 0:01:08]} Bxd2+ {[%clk 0:23:24]} 41. Kd1
{[%clk 0:01:35]} hxg4 {[%clk 0:23:27]} 42. h5 {[%clk 0:28:08]} Rxf3
{[%clk 0:54:04]} 43. Qc7+ {[%clk 0:26:43]} Bf4 {[%clk 0:54:28]} 44. Qxa5
{[%clk 0:27:00]} Rxh5 {[%clk 0:54:54]} 45. Qe1+ {[%clk 0:26:43]} Rf2
{[%clk 0:55:19]} 46. Qg1+ {[%clk 0:22:33]} Kf3 {[%clk 0:55:43]} 0-1

[Event "WCO201402"]
[Site "Tromso"]
[Date "2014.08.12"]
[Round "10.14"]
[WhiteID "14400839"]
[White "Boric Elena"]
[BlackID "2401428"]
[Black "Bamber Elaine"]
[Result "1-0"]
[LiveChessVersion "1.4.3"]
[BlackElo "2077"]
[WhiteElo "2196"]

1. e4 {[%clk 1:30:56]} e5 {[%clk 1:30:54]} 2. Nf3 {[%clk 1:31:22]} Nc6
{[%clk 1:31:16]} 3. Bb5 {[%clk 1:31:46]} a6 {[%clk 1:31:41]} 4. Ba4
{[%clk 1:32:13]} Nf6 {[%clk 1:32:03]} 5. Qe2 {[%clk 1:32:31]} Be7
{[%clk 1:32:00]} 6. c3 {[%clk 1:30:52]} b5 {[%clk 1:32:23]} 7. Bc2
{[%clk 1:29:32]} O-O {[%clk 1:32:15]} 8. d4 {[%clk 1:24:34]} d5 {[%clk 1:19:57]}
9. exd5 {[%clk 1:15:57]} Qxd5 {[%clk 1:19:17]} 10. dxe5 {[%clk 1:15:04]} Nd7
{[%clk 1:05:22]} 11. Qe4 {[%clk 1:10:42]} Qxe4+ {[%clk 1:05:07]} 12. Bxe4
{[%clk 1:11:10]} Bb7 {[%clk 1:05:01]} 13. O-O {[%clk 1:08:35]} Nc5
{[%clk 1:04:08]} 14. Bc2 {[%clk 0:53:56]} Rad8 {[%clk 1:04:30]} 15. Bf4
{[%clk 0:46:28]} Nd3 {[%clk 1:03:36]} 16. Bxd3 {[%clk 0:46:31]} Rxd3
{[%clk 1:04:00]} 17. Nbd2 {[%clk 0:39:45]} Rfd8 {[%clk 0:39:17]} 18. Nb3
{[%clk 0:38:18]} b4 {[%clk 0:39:07]} 19. Nc1 {[%clk 0:27:24]} R3d5
{[%clk 0:35:16]} 20. Ne2 {[%clk 0:24:34]} g5 {[%clk 0:32:19]} 21. Nxg5
{[%clk 0:19:46]} Nxe5 {[%clk 0:32:08]} 22. Nh3 {[%clk 0:18:47]} R8d6
{[%clk 0:20:08]} 23. Bg3 {[%clk 0:16:32]} Bf6 {[%clk 0:18:18]} 24. Nd4
{[%clk 0:16:20]} bxc3 {[%clk 0:13:49]} 25. bxc3 {[%clk 0:16:42]} c5
{[%clk 0:13:13]} 26. Nf5 {[%clk 0:15:24]} Rd7 {[%clk 0:13:29]} 27. Ne3
{[%clk 0:15:06]} Nd3 {[%clk 0:12:08]} 28. Nxd5 {[%clk 0:15:11]} Bxd5
{[%clk 0:12:29]} 29. a4 {[%clk 0:13:37]} Bb3 {[%clk 0:11:49]} 30. Nf4
{[%clk 0:12:43]} Bxc3 {[%clk 0:11:43]} 31. Rab1 {[%clk 0:10:28]} c4
{[%clk 0:11:37]} 32. Ne2 {[%clk 0:08:45]} Bd2 {[%clk 0:11:51]} 33. Bh4
{[%clk 0:08:21]} Kg7 {[%clk 0:12:02]} 34. f4 {[%clk 0:05:24]} Bxa4
{[%clk 0:07:33]} 35. Rb8 {[%clk 0:03:16]} Bc6 {[%clk 0:06:03]} 36. Rc8
{[%clk 0:03:22]} Rd6 {[%clk 0:06:09]} 37. f5 {[%clk 0:03:09]} Be3+
{[%clk 0:01:21]} 38. Kh1 {[%clk 0:03:20]} Nf4 {[%clk 0:00:54]} 39. Nxf4
{[%clk 0:02:51]} Bxf4 {[%clk 0:01:21]} 40. Be7 {[%clk 0:01:32]} Bb5
{[%clk 0:00:33]} 41. Bxd6 {[%clk 0:01:42]} Bxd6 {[%clk 0:00:59]} 42. f6+
{[%clk 0:01:38]} Kh6 {[%clk 0:00:46]} 43. Rf3 {[%clk 0:00:52]} Be5
{[%clk 0:30:12]} 44. Rc5 {[%clk 0:20:31]} Bb2 {[%clk 0:29:01]} 45. g4
{[%clk 0:18:18]} Bd4 {[%clk 0:24:18]} 46. Rc8 {[%clk 0:17:24]} c3
{[%clk 0:22:54]} 47. Kg2 {[%clk 0:16:25]} Bd7 {[%clk 0:21:31]} 48. Rc4
{[%clk 0:14:32]} Be5 {[%clk 0:19:07]} 49. h4 {[%clk 0:14:00]} Be6
{[%clk 0:16:41]} 50. Rc5 {[%clk 0:13:31]} Bd4 {[%clk 0:15:57]} 51. Rfxc3
{[%clk 0:06:58]} Bxc3 {[%clk 0:14:36]} 52. Rxc3 {[%clk 0:05:50]} Bxg4
{[%clk 0:14:57]} 53. Kg3 {[%clk 0:05:06]} Be2 {[%clk 0:14:51]} 54. Kf4
{[%clk 0:05:22]} Kg6 {[%clk 0:13:42]} 55. Ke5 {[%clk 0:05:43]} Kh5
{[%clk 0:06:42]} 56. Rc7 {[%clk 0:05:25]} Kg6 {[%clk 0:06:34]} 57. Rc2
{[%clk 0:05:32]} Bd1 {[%clk 0:05:34]} 58. Rg2+ {[%clk 0:05:49]} Kh6
{[%clk 0:06:00]} 59. Kd6 {[%clk 0:04:51]} a5 {[%clk 0:06:16]} 60. Ke7
{[%clk 0:03:49]} Bb3 {[%clk 0:06:43]} 61. Rg5 {[%clk 0:03:57]} a4
{[%clk 0:06:58]} 62. Ra5 {[%clk 0:04:12]} Kg6 {[%clk 0:07:18]} 63. h5+
{[%clk 0:04:13]} Kh6 {[%clk 0:07:44]} 64. Kf8 {[%clk 0:04:15]} Be6
{[%clk 0:07:34]} 65. Rxa4 {[%clk 0:03:54]} Kxh5 {[%clk 0:07:58]} 66. Kg7
{[%clk 0:03:57]} Kg5 {[%clk 0:02:27]} 67. Ra5+ {[%clk 0:04:10]} Kf4
{[%clk 0:01:52]} 68. Kxh7 {[%clk 0:04:33]} Ke4 {[%clk 0:02:01]} 69. Kg7
{[%clk 0:04:36]} 1-0